Missing Word: '90s Movies II Quiz Stats

 Plays Quiz Updated Oct 15, 2012

Support Sporcle.
Go Orange.
Score 0/20 Timer 03:00
1 Play Today
Movie Missing Word % Correct
Toy _____Story
99.7%
_____ and the BeastBeauty
97.9%
Mission: _____Impossible
96.5%
_____ AloneHome
94%
There's Something _____ MaryAbout
93.8%
Men in _____Black
92.8%
As _____ as it GetsGood
92%
The _____ SenseSixth
91.3%
Pretty _____Woman
90.8%
The _____ MileGreen
90.7%
Movie Missing Word % Correct
Mrs. _____Doubtfire
87.1%
Runaway _____Bride
86.1%
The _____ KingLion
79.6%
The Last of the _____Mohicans
74.8%
_____ ClubFight
71.6%
The Big _____Lebowski
63%
The _____ of InnocenceAge
62.3%
_____ in LoveShakespeare
50.7%
_____ ParkJurassic
33.9%
_____ Dog and GloryMad
26.6%

Today's Daily Dose

Missing Word
'80s Musicals

Word Ladder
Hereditary

Get the Picture
Food Names

From the Vault

More Last Names in Movies?

by JoeBeta

Movies 6m
Because these people weren't famous enough, they got a movie named after them too.
Remove Ads.
Support Sporcle.
Get the best of Sporcle when you Go Orange. This ad-free experience offers more features, more stats, and more fun while also helping to support Sporcle. Thank you for becoming a member.

Show Comments

Extras

Top Quizzes Today


Score Distribution

Your Account Isn't Verified!

In order to create a playlist on Sporcle, you need to verify the email address you used during registration. Go to your Sporcle Settings to finish the process.

Report this User

Report this user for behavior that violates our Community Guidelines.

Details: